Juicio por jurados. El recurso del acusador. (Registro nro. 36267)

Detalles MARC
000 -LEADER
fixed length control field 00360 a2200109 4500
001 - CONTROL NUMBER
control field ART_61502
005 - DATE AND TIME OF LATEST TRANSACTION
control field 20260410162056.0
008 - FIXED-LENGTH DATA ELEMENTS--GENERAL INFORMATION
fixed length control field 260409a
100 1# - MAIN ENTRY--PERSONAL NAME
Personal name Grappasonno, Nicolás
245 10 - TITLE STATEMENT
Title Juicio por jurados. El recurso del acusador.
773 0# - HOST ITEM ENTRY
Title Temas de derecho penal y procesal penal
Related parts - Año 6, N° 6/7 (jun./jul. 2024)
Record control number REV60798

No hay ítems disponibles.